| 000 | 00638nam a2200217 a 4500 | ||
|---|---|---|---|
| 001 | 001123260 | ||
| 003 | AM-YEHGA | ||
| 005 | 20250617164651.0 | ||
| 008 | 160112s1962 nyuc|||gr|||||||||0|eng|d | ||
| 040 | _aAM-YeHGA | ||
| 041 | 0 | _aeng | |
| 100 | 1 |
_aKarsh, Yousuf, _d1908-2002 |
|
| 245 | 1 | 4 |
_aIn search of Greatness : _bReflections of Yousuf Karsh / _cYousuf Karsh. |
| 260 |
_aNew York : _bKnopf, _c1962. |
||
| 300 |
_axiv, 210 p., [7] leaves of plates : _bportraits ; _c23 cm. |
||
| 500 | _aIncludes index | ||
| 600 | 1 | 4 |
_aKarsh, Yousuf, _d1908-2002 |
| 650 | 1 | 4 | _aArmenian Canadian photographer |
| 942 |
_2udc _cBK |
||
| 090 | _c565637 | ||
| 999 |
_c527531 _d527531 |
||